| 000 | 01779cad a22002655a 4500 | ||
|---|---|---|---|
| 001 | E147889 | ||
| 008 | 090626s2009 xxk f f000 0 eng d | ||
| 020 | _a9780101765022 | ||
| 035 | _a(Sirsi) u147889 | ||
| 041 | 0 | _aeng | |
| 050 | 0 | 4 | _a711.1 $2 18 |
| 110 | 2 |
_aUnited Kingdom _bDepartment for Culture, Media and Sport |
|
| 245 | 0 | 0 |
_aDigital Britain _bfinal report _h[electronic resource] |
| 260 |
_aKew _bOPSI _c2009 |
||
| 490 | 0 |
_aCm _v7650 |
|
| 505 | 2 | _aExecutive Summary -- Chapter 2: being digital -- Chapter 3a: a competitive digital communications infrastructure -- Chapter 3b: radio, going digital -- Chapter 4: creative industries in the digital world -- Chapter 5: public service content in digital Britain -- Chapter 6: research, education and skills for digital Britain -- Chapter 7: digital security and safety -- Chapter 8: the journey to digital government -- Chapter 9: delivering digital Britain -- Annex: actions from the interim report | |
| 520 | _aSets out policies and recommendations aimed at ensuring a digital and communications infrastructure which will enhance innovation in the creative industries, modernise TV and radio frameworks, and support local news. Also presents ideas aimed at maximising the social and economic benefits that digital technologies can bring. Takes account of responses to the interim Digital Britain report, published in January 2009. | ||
| 521 | _aAdvanced | ||
| 590 | _aKA | ||
| 651 | 4 |
_aUnited Kingdom _y |
|
| 690 | _aPROPERTY-INFRASTRUCTURE-TELECOMMUNICATIONS INFRASTRUCTURE | ||
| 710 | 1 |
_aUnited Kingdom _bDepartment for Business, Innovation and Skills _95760 |
|
| 856 | 4 | 0 |
_uhttps://www.gov.uk/government/publications/digital-britain-final-report _zView the report free of charge at www.gov.uk... |
| 942 | _n0 | ||
| 999 |
_c109765 _d109765 |
||